| 000 | 00376pab a2200145 454500 | ||
|---|---|---|---|
| 008 | 180718b2002 xxu||||| |||| 00| 0 eng d | ||
| 100 | _aKaul, Ishan | ||
| 245 | _aTowards holistic management of water resources - the case of India | ||
| 260 | _c2002 | ||
| 300 | _ap.59-85. | ||
| 362 | _aJan-Jun | ||
| 650 | _aWater resources management | ||
| 773 | _aMargin | ||
| 909 | _a57370 | ||
| 999 |
_c57370 _d57370 |
||